Emerging location aware broadband wireless ad hoc networks / (Record no. 176095)

000 -LEADER
fixed length control field 01260 a2200277 4500
003 - CONTROL NUMBER IDENTIFIER
control field Nust
005 - DATE AND TIME OF LATEST TRANSACTION
control field 20220819114418.0
010 ## - LIBRARY OF CONGRESS CONTROL NUMBER
LC control number 2004057601
020 ## - INTERNATIONAL STANDARD BOOK NUMBER
International Standard Book Number 038723070X (alk. paper)
020 ## - INTERNATIONAL STANDARD BOOK NUMBER
International Standard Book Number 0387230726 (e-book)
040 ## - CATALOGING SOURCE
Transcribing agency Nust
082 00 - DEWEY DECIMAL CLASSIFICATION NUMBER
Classification number 621.38456,EME
245 00 - TITLE STATEMENT
Title Emerging location aware broadband wireless ad hoc networks /
Statement of responsibility, etc. edited by Rajamani Ganesh ... [et al.].
260 ## - PUBLICATION, DISTRIBUTION, ETC.
Place of publication, distribution, etc. New York, NY :
Name of publisher, distributor, etc. Springer,
Date of publication, distribution, etc. c2005.
300 ## - PHYSICAL DESCRIPTION
Extent xiii, 329 p. :
Other physical details ill. ;
Dimensions 24 cm.
505 ## - FORMATTED CONTENTS NOTE
Formatted contents note Trends in Wireless Networks (Page-3), Wireless LANs and Adhoc Networks (Page-109), Mobile Wireless Internet and Satellite Applications (Page-189), Encoding, Algorithms and Performance (Page-263).
650 #0 - SUBJECT ADDED ENTRY--TOPICAL TERM
Topical term or geographic name entry element Broadband communication systems.
9 (RLIN) 3503
650 #0 - SUBJECT ADDED ENTRY--TOPICAL TERM
Topical term or geographic name entry element Cellular telephone systems.
9 (RLIN) 94584
650 #0 - SUBJECT ADDED ENTRY--TOPICAL TERM
Topical term or geographic name entry element Radio direction finders.
9 (RLIN) 98245
650 #0 - SUBJECT ADDED ENTRY--TOPICAL TERM
Topical term or geographic name entry element Telecommunication engineering
700 1# - ADDED ENTRY--PERSONAL NAME
Personal name Ganesh, Rajamani.
9 (RLIN) 97887
856 41 - ELECTRONIC LOCATION AND ACCESS
Materials specified Contributor biographical information
Uniform Resource Identifier <a href="http://www.loc.gov/catdir/enhancements/fy0823/2004057601-b.html">http://www.loc.gov/catdir/enhancements/fy0823/2004057601-b.html</a>
856 41 - ELECTRONIC LOCATION AND ACCESS
Materials specified Publisher description
Uniform Resource Identifier <a href="http://www.loc.gov/catdir/enhancements/fy0823/2004057601-d.html">http://www.loc.gov/catdir/enhancements/fy0823/2004057601-d.html</a>
856 41 - ELECTRONIC LOCATION AND ACCESS
Materials specified Table of contents
Uniform Resource Identifier <a href="http://www.loc.gov/catdir/toc/fy054/2004057601.html">http://www.loc.gov/catdir/toc/fy054/2004057601.html</a>
942 ## - ADDED ENTRY ELEMENTS (KOHA)
Koha item type Reference
Source of classification or shelving scheme
Holdings
Withdrawn status Lost status Source of classification or shelving scheme Damaged status Not for loan Permanent Location Current Location Shelving location Date acquired Full call number Barcode Date last seen Price effective from Koha item type Public note
          Military College of Signals (MCS) Military College of Signals (MCS) Reference 12/12/2016 621.38456,EME MCS32486 12/08/2016 12/12/2016 Reference Almirah No.23, Shelf No.4
© 2023 Central Library, National University of Sciences and Technology. All Rights Reserved.